Maldives : open for business.
| Format: | Book |
|---|---|
| Published: |
Kuala Lumpur:
Maldives High Commission of Kuala Lumpur,
2010.
|
| Subjects: |
| LEADER | 00450cam a2200133 7i4500 | ||
|---|---|---|---|
| 001 | 0000025639 | ||
| 005 | 20110105090000.0 | ||
| 090 | 0 | 0 | |a CD 338.7 |b MAL (MALD) |
| 245 | 0 | 0 | |a Maldives : |b open for business. |
| 260 | 0 | 0 | |a Kuala Lumpur: |b Maldives High Commission of Kuala Lumpur, |c 2010. |
| 300 | # | # | |a Electronic computer optical disc (CD-ROM). |
| 650 | 0 | 0 | |a Business -- |z Maldives |
| 651 | 0 | 0 | |a Maldives |
| 999 | |a CDR001005H |b CD-ROM |c AV Collection |e Business Information Centre | ||